01772nas a2200241Ia 4500001001100000003001000011008004100021040002500062041001300087100002000100210002000120222002000140245009800160250001100258260008500269300001200354310001000366362003000376500049800406501011400904520049801018650001401516R050-S0528IT-CnALBA170116c99999999xx |||||||||||| ||und|| aIT-CnALBAcIT-CnALBA aITALIANO aMETICA GIOVANNI aNUOVA ANTOLOGIA aNUOVA ANTOLOGIA 0aNUOVA ANTOLOGIA. MAGGIO GIUGNO 1881. II SERIE. VOL. XXVII. b RIVISTA DI LETTERE SCIENZE ARTI a1a ed. a ROMAbDIREZIONE NUOVA ANTOLOGIA c1881 [1° Ed.:1881 - Ed.Ling.Originale: 1881] a727 p.  aVARIA aFascicolo: 9-12 / (1881) aSAN FRANCESCO DANTE GIOTTO. PRIMI PASSI DI MAURIZIO BUFALINI. LE CINTE MURALI DI ROMA, QUARENGHI C. NONNO! RACCONTO, FARINA S. IL TEATRO DI GUERRA IN TUNUSIA, BARATIERI O. LA VITA DELLE BESTIE NEL PROVERBIO DEI GRECI E ROMANI, BONGHI. RASSEGNA LETTERATURE STRANIERE. RASSEGNA POLITICA. IL MINISTERO RINVIATO DAVANTI ALLA CAMERA. NECESSITÀ DELLA SOLUZIONE. NUOVO GIUDIZIO DELLA CAMERA. IL CONTEGNO DELLA FRANCIA VERSO IL BEY. ULTIMA NOTA DELLA POTENZA DELLA GRECIA. BOLLETTINO BIBLIOGRAFICO.  aSocietà San Paolo EM - Piazza San Paolo, 14 - 12051 ALBA (CN) (non commercial uses only) ® Copyright 2017 aSAN FRANCESCO DANTE GIOTTO. PRIMI PASSI DI MAURIZIO BUFALINI. LE CINTE MURALI DI ROMA, QUARENGHI C. NONNO! RACCONTO, FARINA S. IL TEATRO DI GUERRA IN TUNUSIA, BARATIERI O. LA VITA DELLE BESTIE NEL PROVERBIO DEI GRECI E ROMANI, BONGHI. RASSEGNA LETTERATURE STRANIERE. RASSEGNA POLITICA. IL MINISTERO RINVIATO DAVANTI ALLA CAMERA. NECESSITÀ DELLA SOLUZIONE. NUOVO GIUDIZIO DELLA CAMERA. IL CONTEGNO DELLA FRANCIA VERSO IL BEY. ULTIMA NOTA DELLA POTENZA DELLA GRECIA. BOLLETTINO BIBLIOGRAFICO.  aPERIODICI